Revue Pédagogique 1907. június-december /

Elmentve itt :
Bibliográfiai részletek
Szerző: Nagy József
Dokumentumtípus: Cikk
Megjelent: 1908
Sorozat:Magyar pedagógia : a Magyar Tudományos Akadémia Pedagógiai Bizottságának folyóirata 17
Kulcsszavak:Pedagógiai szakirodalom külföldi szemle 1908, Lapszemle
Online Access:http://misc.bibl.u-szeged.hu/8428
LEADER 00692nab a2200181 i 4500
001 misc8428
005 20191106143905.0
008 170607s1908 hu o 0|| hun d
022 |a 0025-0260 
040 |a SZTE Miscellanea Repozitórium  |b hun 
041 |a hun 
100 1 |a Nagy József 
245 1 0 |a Revue Pédagogique   |h [elektronikus dokumentum] :  |b 1907. június-december /  |c  Nagy József 
260 |c 1908 
300 |a 498-504 
490 0 |a Magyar pedagógia : a Magyar Tudományos Akadémia Pedagógiai Bizottságának folyóirata  |v 17 
695 |a Pedagógiai szakirodalom külföldi szemle 1908, Lapszemle 
856 4 0 |u http://misc.bibl.u-szeged.hu/8428/1/mp_1908_1315_498-504.pdf  |z Dokumentum-elérés